00722nam a2200241 a 450000100060000000300080000600500170001400800410003103500190007204000180009104100080010908200290011710000200014611000160016624500780018225000120026026000500027230000210032250000200034352000530036365000370041670000270045347197BD-RjUL20211209054256.0160807s1965 pk l 001 0 eng  a(BD-RjUL)47316 aDLCcDLCbeng aeng a344.5491018914bCHL 1965 aChoudhry, A. M.1 aBangladesh.10aThe Limitation Act (IX of 1908). /cA. M. Choudhry ; Raja Said Akbar Khan a4th ed. aLahore :bAll Pakistan Legal Decisions,c1965 a132 p. ;c25 cm. aIncludes index. aWith latest amendments and up-to-date case laws. 0aArbitration and award zPakistan a Khan, Raja Said Akbar